Notas prácticas sobre el denominado período de reserva del puesto de trabajo contemplado en el artículo 211 de la ley de contrato de trabajo (Registro nro. 29651)
[ vista simple ]
| 000 -LEADER | |
|---|---|
| fixed length control field | 00422 a2200109 4500 |
| 001 - CONTROL NUMBER | |
| control field | ART_42575 |
| 005 - DATE AND TIME OF LATEST TRANSACTION | |
| control field | 20260410161943.0 |
| 008 - FIXED-LENGTH DATA ELEMENTS--GENERAL INFORMATION | |
| fixed length control field | 260409a |
| 100 1# - MAIN ENTRY--PERSONAL NAME | |
| Personal name | Tula, Diego J. |
| 245 10 - TITLE STATEMENT | |
| Title | Notas prácticas sobre el denominado período de reserva del puesto de trabajo contemplado en el artículo 211 de la ley de contrato de trabajo |
| 773 0# - HOST ITEM ENTRY | |
| Title | Temas de derecho laboral |
| Related parts | - Nº 7 (jul. 2017) |
| Record control number | REV27619 |
No hay ítems disponibles.